00333nam a2200145Ia 4500008004100000041000800041100001100049245003700060260003700097300000800134365000900142500000700151520001900158650001000177230605s1998 xx 000 0 und d aeng aFrance aDine with Europes Hot Appetizers bKonemann Pub Bonner c1998c1998 a240 b1495 a69 aReference Copy aF. P.